000 00566nam a2200193Ia 4500
005 20250508155610.0
008 008 250505s9999 xx 000 0 eng d
037 _aDissertations
040 _aFEDL
_beng
_cFEDL
041 _aeng
_2eng
084 _a507, AHU/DI
_qFEDL
100 _aAhuja Jai Ram Das
_9767141
245 0 _aStudy of predictors for success in science course at the delta level
260 _c1968
300 _a28p.
546 _aM. Ed. Dissertation (Delhi University)
942 _cDIS
_h507, AHU/DI
999 _c1358139
_d1358139